| 000 | 01152cam a22003257a 4500 | ||
|---|---|---|---|
| 003 | CHAP | ||
| 005 | 20220329140643.0 | ||
| 008 | 971013s1973 r 00010 d | ||
| 010 | _a55421 | ||
| 011 | _a56393 | ||
| 035 | _a60546 | ||
| 040 | _cCHAP | ||
| 082 |
_a580 _bS2Y |
||
| 100 | 0 | 0 |
_aScagel, Robert F. _9102840 |
| 245 | 1 | 3 |
_aEl reino vegetal _b: los grupos dos plantas y sus relaciones evolutivas |
| 260 |
_aBarcelona : _bOmega, _c1973 |
||
| 300 |
_a659 p. _b: ilus. |
||
| 590 |
_aBATCH-UPD _b10 _c20130110 _lUCH01 _h1819 |
||
| 590 |
_aBATCH-UPD _b10 _c20130410 _lUCH01 _h1153 |
||
| 590 |
_aBATCH-UPD _b10 _c20130914 _lUCH01 _h0733 |
||
| 590 |
_aCONVERSION _b10 _c20130109 _lUCH01 _h1330 |
||
| 650 | 1 | 4 |
_aBotánica. _914477 |
| 901 | _aBK | ||
| 942 | _cLIBRO | ||
| 949 |
_a580 S2Y _bBC _cLIBRO _d33724000502134 _eLIBRO _fc.2 _h46729 _i60546 _si |
||
| 949 |
_a580 S2Y _bBC _cLIBRO _d33724000572186 _eLIBRO _h39840 _i60546 _si |
||
| 949 |
_a580 S2Y _bBC _cLIBRO _d33724000669503 _eLIBRO _fc.5 _h61629 _i60546 _si |
||
| 949 |
_a580 S2Y _bBC _cLIBRO _d33724000906228 _eLIBRO _fc.3 _h48435 _i60546 _si |
||
| 949 |
_a580 S2Y _bBC _cLIBRO _d33724000906905 _eLIBRO _fc.4 _h48436 _i60546 _si |
||
| 999 |
_c55421 _d55421 |
||